| 000 | 00649nam a22002177a 4500 | ||
|---|---|---|---|
| 999 |
_c1811 _d1811 |
||
| 003 | AR-CdUCM | ||
| 008 | 190228b ||||| |||| 00| 0 spa d | ||
| 040 |
_aMUNICIPALIDAD PROVINCIAL DEL CUSCO _cBIBLIOTECA MUNICIPAL DEL CUSCO |
||
| 082 |
_a869.14 / _bC95 |
||
| 100 |
_aDe Cuellar, Jose T. _96653 |
||
| 245 |
_aPoesias / _cDe Cuellar, Jose T. |
||
| 260 |
_aMexico : _bEditora Nacional, |
||
| 300 |
_a315 paginas ; _c20cm. |
||
| 500 | _aPoesias | ||
| 650 |
_aPoesia _91598 |
||
| 650 |
_aLiteratura Romantica _92591 |
||
| 650 |
_aLatinoamericana _96654 |
||
| 700 |
_aDe Cuellar, Jose T. _96653 |
||
| 942 |
_2ddc _cLIBROS |
||
| 945 |
_apjha _d2019-02-27 |
||